The development of personality / (Record no. 88304)

MARC details
000 -LEADER
fixed length control field 00559nam a22001817a 4500
005 - DATE AND TIME OF LATEST TRANSACTION
control field 20140905105909.0
010 ## - LCCN (DPL NO)
LC control number ENG-110743
020 ## - INTERNATIONAL STANDARD BOOK NUMBER
International Standard Book Number 9788183875233
Terms of availability 795.00
035 ## - SYSTEM CONTROL NUMBER
System control number EN-94275
037 ## - SOURCE OF ACQUISITION
Source of stock number/acquisition DBAD/PUB
082 ## - DEWEY DECIMAL CLASSIFICATION NUMBER
Classification number 155.25
100 ## - MAIN ENTRY--PERSONAL NAME
Personal name Sunakall, Roopa. S.
245 ## - TITLE STATEMENT
Title The development of personality /
Statement of responsibility, etc by Roopa. S. Sunakall
260 ## - PUBLICATION, DISTRIBUTION, ETC. (IMPRINT)
Place of publication, distribution, etc New Delhi
Name of publisher, distributor, etc Serials Publications
Date of publication, distribution, etc 2011
270 ## - ADDRESS
Address 4830/24, Prahlad Street, Ansari Road, Darya Ganj
City New Delhi
Postal code 110002
300 ## - PHYSICAL DESCRIPTION
Extent 204p.
Dimensions 22cm(Hb)
942 ## - ADDED ENTRY ELEMENTS (KOHA)
Source of classification or shelving scheme Dewey Decimal Classification
Item type English Books
Classification part 155.25
Call number suffix SUN
Holdings
Withdrawn status Lost status Not for loan Collection code Home library Current library Date acquired Source of acquisition Cost, normal purchase price Full call number Barcode Copy number Cost, replacement price Koha item type
    Not For Loan Non-fiction D.B.Act.Division D.B.Act.Division 04/09/2014 DBAD / PUB 795.00 155.25 SUN EN-94275 1 795.00 English Books

© Delhi Public Library
Hit Counter
free hit counter